000
00333nam a2200145Ia 4500
008
090124s9999 xx 000 0 und d
082
_b
301245
245
_a
झुंबर
250
_a
1
260
_b
बगे आशा
_c
1984
300
_a
151
630
_a
झुंबर
730
_a
झुंबर
942
_c
BOOK
999
_c
190799
_d
190799